000 00582nam a22001937a 4500
005 20220616124652.0
008 220616b ||||| |||| 00| 0 eng d
040 _cAL
041 _aEnglish
082 _223
_a951.5
_bTIBL
100 _aTibetan Womens Association
_943373
245 _aLight in the Abyss:the Drapchi Fourteen
260 _aDharamshala
_bTibetan Womens Association
_c2009
300 _a78 p.
_bPB
_c21x14 cm.
650 _aThe Drapchi fourteen
_943374
650 _aHistorical Background
_943375
700 _aTIBETAN WOMENS ASSOCIATION
_943376
942 _2ddc
_cGF
999 _c223397
_d223397